El Diablo de los números: un libro para todos aquellos que temen a las Matemáticas

Gespeichert in:
Bibliographische Detailangaben
1. Verfasser: Enzensberger, Hans Magnus (VerfasserIn)
Format: Buch
Sprache:Spanisch
Veröffentlicht: Madrid Siruela 2001
Ausgabe:10a. ed
Schlagworte:
Tags: Tag hinzufügen
Keine Tags, Fügen Sie den ersten Tag hinzu!

MARC

LEADER 00000nam a2200000 a 4500
001 UCH3920
003 CL-VaPUC
008 090818e20010000SP |||||||||||||||||spa|d
020 |a 8478444335 
082 0 4 |a 372.7  |b ENZ  |2 21 
100 0 |a Enzensberger, Hans Magnus  |e author  |9 539402 
245 1 3 |a El Diablo de los números: un libro para todos aquellos que temen a las Matemáticas 
250 |a 10a. ed 
300 |a 255 p 
942 |c BK 
945 |d 20090818 00:00:00  |a ccalabra 
260 |a Madrid  |b Siruela  |c 2001 
650 0 |a Matemática  |9 260235 
650 0 |a Metodologías educativas   |9 311401 
650 0 |a Niños  |9 255605 
650 7 |a EJERCICIOS MATEMATICOS  |2 CL-VaPUC  |9 459962 
650 0 |a Educación  |9 258661 
583 |a last modification  |c 20090818 00:00:00  |k Rodrigo Vera 
999 |c 335324  |d 335322